Curious George / (Record no. 111288)
[ view plain ]
| 000 -LEADER | |
|---|---|
| fixed length control field | 00462nam a2200181 a 4500 |
| 001 - CONTROL NUMBER | |
| control field | 3794 |
| 005 - DATE AND TIME OF LATEST TRANSACTION | |
| control field | 20140414131913.0 |
| 008 - FIXED-LENGTH DATA ELEMENTS--GENERAL INFORMATION | |
| fixed length control field | 061013s19uu xx 00 eng d |
| 020 ## - INTERNATIONAL STANDARD BOOK NUMBER | |
| International Standard Book Number | 0-395-15023-X |
| 050 ## - LIBRARY OF CONGRESS CALL NUMBER | |
| Classification number | ER |
| Item number | C94 1969 |
| 100 ## - MAIN ENTRY--PERSONAL NAME | |
| Personal name | Rey, H. A. |
| 245 ## - TITLE STATEMENT | |
| Title | Curious George / |
| Statement of responsibility, etc | by H. A. Rey. |
| 260 ## - PUBLICATION, DISTRIBUTION, ETC. (IMPRINT) | |
| Place of publication, distribution, etc | Boston : |
| Name of publisher, distributor, etc | Houghton Mifflin. |
| 300 ## - PHYSICAL DESCRIPTION | |
| Extent | 46 p. : ill. ; cm. |
| 650 ## - SUBJECT ADDED ENTRY--TOPICAL TERM | |
| Topical term or geographic name as entry element | Monkeys |
| General subdivision | fiction. |
| 650 ## - SUBJECT ADDED ENTRY--TOPICAL TERM | |
| Topical term or geographic name as entry element | Children stories. |
| Withdrawn status | Lost status | Damaged status | Use restrictions | Home library | Current library | Shelving location | Date acquired | Source of acquisition | Total Checkouts | Full call number | Barcode | Date last seen | Price effective from | Koha item type |
|---|---|---|---|---|---|---|---|---|---|---|---|---|---|---|
| Munich Library | Munich Library | Easy Reading Section | 10/13/2006 | ER C94 1969 | M1919 | 04/14/2014 | 04/14/2014 | Books |